Konsulting dla menedzerów

Salvato in:
Dettagli Bibliografici
Autore principale: Markham, Calvert
Natura: Libro
Lingua:polacco
Pubblicazione: Warszawa Fundacja Rozwoju Rachunkowosci w Polsce 1997
Soggetti:
Tags: Aggiungi Tag
Nessun Tag, puoi essere il primo ad aggiungerne!!

MARC

LEADER 00000nam a2200000 4500
001 c117704
005 20260116084511.9
020 |a 83-86543-18-3 
041 0 |a pol 
044 |a PL 
245 1 0 |a Konsulting dla menedzerów  |c Calvert Markham ; [tlumaczenie: Antoni Stolarek] 
264 1 |a Warszawa  |b Fundacja Rozwoju Rachunkowosci w Polsce  |c 1997 
300 |a 294 s. 
610 2 0 |a konzultácie 
610 2 0 |a manažéri 
610 2 0 |a obchod 
610 2 0 |a poradenstvo profesionálne 
610 2 0 |a technika riadenia 
610 2 0 |a riadenie podnikové 
610 2 0 |a pracovníci riadiaci 
610 2 0 |a pracovníci vedúci 
610 2 0 |a konzultanti 
610 2 0 |a informácie 
100 1 |a Markham, Calvert